Vật lý ngày nay
Na minha lista:
| Autor principal: | |
|---|---|
| Formato: | Livro |
| Idioma: | Undetermined |
| Publicado em: |
Hà Nội
|
| Assuntos: | |
| Acesso em linha: | http://lrc.tdmu.edu.vn/opac/search/detail.asp?aID=2&ID=14191 |
| Tags: |
Adicionar Tag
Sem tags, seja o primeiro a adicionar uma tag!
|
| Thư viện lưu trữ: | Trung tâm Học liệu Trường Đại học Thủ Dầu Một |
|---|
| LEADER | 00558nam a2200157Ia 4500 | ||
|---|---|---|---|
| 001 | TDMU_14191 | ||
| 008 | 210410s9999 xx 000 0 und d | ||
| 082 | |a NULL | ||
| 100 | |a Hội Vật lý Việt Nam | ||
| 245 | 0 | |a Vật lý ngày nay | |
| 245 | 0 | |c Hội Vật lý Việt Nam | |
| 260 | |a Hà Nội | ||
| 300 | |a 44 tr | ||
| 650 | |a Tạp chí Vật lý ngày nay; Tạp chí Khoa học | ||
| 856 | |u http://lrc.tdmu.edu.vn/opac/search/detail.asp?aID=2&ID=14191 | ||
| 980 | |a Trung tâm Học liệu Trường Đại học Thủ Dầu Một | ||